South america - Statistics

General Stats
  • This quiz has been taken 20 times
    19 since last reset
  • The average score is 13 of 13
Answer Stats
Picture Answer % Correct
Argentina
100%
Bolivia
100%
Brazil
100%
Chile
100%
Colombia
100%
Ecuador
100%
Paraguay
100%
Peru
100%
Uruguay
100%
Venezuela
100%
French guiana
93%
Suriname
93%
Guyana
86%
No matching quizzes found
Score Distribution
Percent of People with Each Score
Percentile by Number Answered
Your Score History
You have not taken this quiz since the last reset